Jeppy en los escudos de fútbol #1 - Estadísticas

Estadísticas generales
  • Esta prueba ha sido intentada 2.119 veces
  • La puntuación promedio es 12 de 16
Estadísticas de respuestas
Imagen Respuesta % Correcto
FC Barcelona
100%
Arsenal
98%
AS Roma
95%
Club Atlético de Madrid
95%
Liverpool
94%
SL Benfica
88%
AFC Ajax
87%
Olympique Lyonnais
87%
Newcastle United
85%
Rangers
71%
RB Leipzig
69%
Beşiktaş
68%
New York City
54%
FC København
53%
Orlando City
38%
Panathinaikos
32%
No se encontraron pruebas coincidentes
Distribución de puntuación
Porcentaje de gente con cada puntuación
Porcentaje por número respondido
Historial de tus puntuaciones
No has intentado esta prueba.